| 000 | 01732cam a22003734a 4500 | ||
|---|---|---|---|
| 001 | 15275764 | ||
| 005 | 20110803154914.0 | ||
| 008 | 080424s2008 njuab b 001 0 eng | ||
| 010 | _a 2008019000 | ||
| 015 |
_aGBA866158 _2bnb |
||
| 016 | 7 |
_a014614478 _2Uk |
|
| 020 | _a0470167351 (cloth : alk. paper) | ||
| 020 | _a9780470167359 (cloth : alk. paper) | ||
| 035 | _a(OCoLC)ocn226308201 | ||
| 035 |
_a(OCoLC)226308201 _z(OCoLC)209803249 |
||
| 040 |
_aDLC _cDLC _dBAKER _dUKM _dYDXCP _dBTCTA _dC#P _dBWX _dCDX _dDLC |
||
| 050 | 0 | 0 |
_aTA168 _b.B53 2008 |
| 082 | 0 | 0 |
_a620.001171 _222 _bBLA |
| 100 | 1 |
_aBlanchard, Benjamin S. _929675 |
|
| 245 | 1 | 0 |
_aSystem Engineering Management / _cBenjamin S. Blanchard. |
| 250 | _a4th ed. | ||
| 260 |
_aHoboken, N.J. : _bWiley, _cc2008. |
||
| 300 |
_axviii, 539 p. : _bill., map ; _c25 cm. |
||
| 490 |
_929674 _aWiley Series in Systems Engineering and Management |
||
| 504 | _aIncludes bibliographical references (p. 509-519) and index. | ||
| 650 | 0 |
_aSystems engineering. _929676 |
|
| 653 |
_bEle _cApril2012 |
||
| 856 | 4 | 1 |
_3Table of contents only _uhttp://www.loc.gov/catdir/toc/ecip0817/2008019000.html |
| 942 |
_2ddc _cBB |
||
| 999 |
_c16671 _d16671 |
||